Coneixement del medi : guia didàctica : cicle mitjà

Gespeichert in:
Bibliographische Detailangaben
1. Verfasser: Busquets Fàbregas, Jaume
Weitere Verfasser: Reid Duton, Jeannette Fernàndez, Magda
Format: Buch
Sprache:Katalanisch
Erschienen: Barcelona : Teide, 1993
Katalog:MANES:  Suchergebnis im Bibliothekskatalog
Schulbuchspezifische Eigenschaften:
Schriftenreihe:Baldufa
Tags: Tag hinzufügen
Keine Tags, Fügen Sie den ersten Tag hinzu!
Hinzugefügt zu:15.10.2003
Geändert in:07.05.2025

MARC

LEADER 00000nam a2200000 a 4500
001 .b3018936
003 ES-BaCBU
005 20250507130133.0
008 031016s1993 spc||||||l 000 ||cat|c
020 |a 8430734147 
035 |a 8430734147  |9 ES-BaUB001  |a 0782-93660  |9 ES-BaUB035 
040 |a ES-BaUB  |b cat  |c ES-BaUB 
100 1 |a Busquets Fàbregas, Jaume  |9 32773 
245 1 0 |a Coneixement del medi :  |b guia didàctica : cicle mitjà /  |c Jaume Busquets Fàbregas, Magda Fernández Cervantes, Jeannette Reid Duton 
260 |a Barcelona :  |b Teide,  |c 1993 
300 |a 123 p. 
546 |a España 
561 |5 es-CRAI  |3 p1 TX ESO 4/3 TEI  |a España. Biblioteca Universitat de Barcelona  |k MANES 
690 0 |a CN  |a CS 
691 0 |a PRI 
700 1 |a Reid Duton, Jeannette  |9 32775  |a Fernàndez, Magda  |9 32776 
830 0 |a Baldufa  |9 32777 
856 |y Registro en Cercabib - CRAI 
942 |2 ddc  |c BK 
999 |c 89620  |d 89620 
999 |c manes:89620  |d 89620